ბათუმის შოთა რუსთაველის სახელმწიფო უნივერსიტეტის ბიბლიოთეკა

ძირითადი სამკურნალო და ადივანსური მოქმედების კლინიკურ–ფარმაკოლოგიური ჯგუფის პრეპარატები (ბიბ.ჩანაწერი № 34532)

000 -LEADER
fixed length control field 01269nam a2200241Ia 4500
001 - CONTROL NUMBER
control field 282
003 - CONTROL NUMBER IDENTIFIER
control field GE_BSU
008 - FIXED-LENGTH DATA ELEMENTS--GENERAL INFORMATION
fixed length control field 181216s||||||||xx |||||||||||||| ||und||
020 ## - INTERNATIONAL STANDARD BOOK NUMBER
International Standard Book Number 999286379X
040 ## - CATALOGING SOURCE
Transcribing agency GE_BSU
080 ## - UNIVERSAL DECIMAL CLASSIFICATION NUMBER
Universal Decimal Classification number 615.3(035)
100 ## - MAIN ENTRY--PERSONAL NAME
Personal name თურმანაული,გივი
245 ## - TITLE STATEMENT
Title ძირითადი სამკურნალო და ადივანსური მოქმედების კლინიკურ–ფარმაკოლოგიური ჯგუფის პრეპარატები
245 ## - TITLE STATEMENT
Remainder of title ქართული სამედიცინო ენციკლოპედიის დანართი–ცნობარი. სახელმძღვანელო
245 ## - TITLE STATEMENT
Statement of responsibility, etc. გივი თურმანაული;ნიკო გონგაძე
260 ## - PUBLICATION, DISTRIBUTION, ETC.
Place of publication, distribution, etc. თბილისი
260 ## - PUBLICATION, DISTRIBUTION, ETC.
Name of publisher, distributor, etc. ცის ნამი
260 ## - PUBLICATION, DISTRIBUTION, ETC.
Date of publication, distribution, etc. 2006
300 ## - PHYSICAL DESCRIPTION
Extent 424გვ.
653 ## - INDEX TERM--UNCONTROLLED
Uncontrolled term ძირითადი სამკურნალო და ადივანსური მოქმედების კლინიკურ–ფარმაკოლოგიური ჯგუფის პრეპარატები
942 ## - ADDED ENTRY ELEMENTS (KOHA)
Koha item type წიგნი
ეგზემპლარები
Withdrawn status Lost status Damaged status Not for loan Date acquired Barcode Date last seen Price effective from Koha item type Public note
        2018-12-17 2356 2018-12-17 2018-12-17 წიგნი საცავი
        2018-12-17 2357 2018-12-17 2018-12-17 წიგნი საცავი
        2018-12-17 2358 2018-12-17 2018-12-17 წიგნი საცავი
        2018-12-17 2359 2018-12-17 2018-12-17 წიგნი საცავი
        2018-12-17 2360 2018-12-17 2018-12-17 წიგნი საცავი
        2018-12-17 2361 2018-12-17 2018-12-17 წიგნი  
        2018-12-17 2362 2018-12-17 2018-12-17 წიგნი საცავი
        2018-12-17 2363 2018-12-17 2018-12-17 წიგნი საცავი
        2018-12-17 2364 2018-12-17 2018-12-17 წიგნი საცავი
        2018-12-17 2365 2018-12-17 2018-12-17 წიგნი საცავი